000 00612nam a2200181 i 4500
001 52044
003 ES-MaACL
005 20230906162510.0
007 t|
008 030825s1933 fr ||||1| fre d
100 1 _aChlebowski, Bronislas.
_938575
245 1 3 _aLa litterature polonaise au XIX siecle /
_cpar Bronislas Chlebowski ; ouvrage posthume publiée et completée par Manfred Kridl.
260 _aParis :
_bHonoré Champion,
_c1933 (
_eSaint Amand :
_fBussière)
300 _a533 p. ;
_c25 cm.
650 4 _aLiteratura polaca.
_9136430
700 1 _aKridl, Manfred.
_968834
852 _aES-MaACL
_jA-2344
999 _c52044
_d52044